O pequeno vampiro no vale das lamentações (Record no. 151157)

MARC details
000 -LÍDER
campo de controle de tamanho fixo 00414 a2200157 4500
001 - NÚMERO DE CONTROLE
campo de controle 151157
040 ## - FONTE DA CATALOGAÇÃO
Instituição que transcreveu o registro Escola São Tomás de Aquino
100 ## - ENTRADA PRINCIPAL--NOME PESSOAL
Nome pessoal BODENBURG, Angela Sommer
240 10 - TÍTULO UNIFORME
Título uniforme O pequeno vampiro no vale das lamentações
Idioma da obra por
245 10 - TÍTULO
Título O pequeno vampiro no vale das lamentações
300 ## - DESCRIÇÃO FÍSICA
Extensão 113
362 0# - DATAS DE PUBLICAÇÃO E/OU DESIGNAÇÃO SEQUENCIAL
Datas de publicação e/ou designação sequencial 1997
440 #1 - DECLARAÇÃO DE SÉRIE/ENTRADA ADICIONADA--TÍTULO
Título Martins Fontes
697 ## - ENTRADA DE ASSUNTO LOCAL--ENTIDADE COLETIVA (RLIN)
Nome corporativo ou nome da jurisdição *LITERATURA JUVENIL
942 ## - ELEMENTOS DE ENTRADA ADICIONADOS (KOHA)
Tipo de material Koha Livros
Holdings
Situação do descarte Situação das perdas Situação física Não pode ser emprestado Biblioteca de origem Biblioteca atual Data de aquisição Total de empréstimos Número de chamada completo Código de barras Data de último acesso Data do preço efetivo Tipo de material Koha
        ESTA - SÃO BENTO ESTA - SÃO BENTO 30/04/2024   028.54 BOD PEQ EST00005186 30/04/2024 30/04/2024 Livros